000 00460 a2200145 4500
005 20250501091402.0
020 _a978-9976-89-196-6
082 _aLECT 028.7 SHA
100 _aSHAYO, H. E.
245 _aBeginner's Referencing Resources Book
260 _aDar es Salaam,
_bEurocom Designers & Publishers,
_c2012.
300 _aix,59p,: ill.; table.
_c21cm.
856 _yOnline Access Book
_fBeginner's Referencing Resources Book
_dwww.out.ac.tz
942 _2ddc
_cBKS
999 _c1875
_d1875